Nový zákon o ochrane osobných údajov

Bibliographic Details
Main Author: Stankoviansky, Ľuboš (Author)
Format: Article
Language:Slovak

MARC

LEADER 00000nab a2200000uu 4500
001 vtls010909583
003 SK-MaSNL
005 20260303115102.0
008 230127|2013 xo |||||||||||||||||slo|
015 |a SNBRB 
035 |a (urnnbn)urn:nbn:sk:snk:ar-a0803q 
035 |a (uuid)5e694517-c94e-43b9-b0c6-d68272359d24 
035 |a urn:nbn:sk:snk-ab8z7o 
040 |a SNKBUCL  |b slo  |c SNKBUCL  |e AACR2 
041 0 |a slo 
044 |a xo  |c SK 
100 1 |a Stankoviansky, Ľuboš  |4 aut  |9 728600 
245 1 0 |a Nový zákon o ochrane osobných údajov  |c Ľuboš Stankoviansky 
773 0 |t Personálny a mzdový poradca podnikateľa  |g Č. 11 (2013), s. 41-61 
954 |a odborná, vedecká literatúra pôvodná (slovenská)  |2 lita 
958 |a OND 
958 |a EUIPO 
958 |a article10 
999 |c 1902221  |d 1904151